De la préhistoire d'Afrique á l'histoire d'Haiti. (Record no. 11234)
[ view plain ]
| 000 -LEADER | |
|---|---|
| campo de control de longitud fija | 00842cam a2200289K 4500 |
| 001 - NÚMERO DE CONTROL | |
| campo de control | 47246 |
| 005 - FECHA Y HORA DE LA ÚLTIMA TRANSACCIÓN | |
| campo de control | 20230410101628.0 |
| 008 - DATOS DE LONGITUD FIJA--INFORMACIÓN GENERAL | |
| campo de control de longitud fija | 890728s1962 ht 000 0 fre d |
| 035 ## - NÚMERO DE CONTROL DEL SISTEMA | |
| Número de control de sistema | (OCoLC)ocm20087021 |
| 040 ## - FUENTE DE CATALOGACIÓN | |
| Centro catalogador/agencia de origen | TJC |
| Centro/agencia transcriptor | TJC |
| Centro/agencia modificador | FDA |
| -- | OCLCQ |
| 019 ## - | |
| -- | 20805217 |
| 035 ## - NÚMERO DE CONTROL DEL SISTEMA | |
| Número de control de sistema | (OCoLC)20087021 |
| Número de control cancelado/no válido | (OCoLC)20805217 |
| 043 ## - CÓDIGO DE ÁREA GEOGRÁFICA | |
| Código de área geográfica | f------ |
| -- | nw----- |
| -- | n------ |
| -- | s------ |
| 050 14 - SIGNATURA TOPOGRÁFICA DE LA BIBLIOTECA DEL CONGRESO | |
| Número de clasificación | 110 DT 25 |
| Número de ítem | P946d 1962 |
| 100 1# - ENTRADA PRINCIPAL--NOMBRE DE PERSONA | |
| Nombre de persona | Price-Mars, Jean, |
| Fechas asociadas al nombre | 1876-1969. |
| 245 10 - MENCIÓN DEL TÍTULO | |
| Título | De la préhistoire d'Afrique á l'histoire d'Haiti. |
| 260 ## - PUBLICACIÓN, DISTRIBUCIÓN, ETC. | |
| Lugar de publicación, distribución, etc. | Port-au-Prince, |
| Nombre del editor, distribuidor, etc. | Impr. de l'Etat, |
| Fecha de publicación, distribución, etc. | 1962. |
| 300 ## - DESCRIPCIÓN FÍSICA | |
| Extensión | 217 p. |
| 490 0# - MENCIÓN DE SERIE | |
| Mención de serie | Ebauches. Série 2 |
| 651 #0 - PUNTO DE ACCESO ADICIONAL DE MATERIA--NOMBRE GEOGRÁFICO | |
| Nombre geográfico | Africa |
| Subdivisión general | Antiquities. |
| 650 #0 - PUNTO DE ACCESO ADICIONAL DE MATERIA--TÉRMINO DE MATERIA | |
| Término de materia o nombre geográfico como elemento de entrada | Blacks |
| Subdivisión geográfica | West Indies. |
| 650 #0 - PUNTO DE ACCESO ADICIONAL DE MATERIA--TÉRMINO DE MATERIA | |
| Término de materia o nombre geográfico como elemento de entrada | Blacks |
| Subdivisión geográfica | America. |
| 650 #4 - PUNTO DE ACCESO ADICIONAL DE MATERIA--TÉRMINO DE MATERIA | |
| Término de materia o nombre geográfico como elemento de entrada | CEH |
| 650 #4 - PUNTO DE ACCESO ADICIONAL DE MATERIA--TÉRMINO DE MATERIA | |
| Término de materia o nombre geográfico como elemento de entrada | Colección Estudios Haitianos |
| 942 ## - ELEMENTOS DE ENTRADA SECUNDARIOS (KOHA) | |
| Fuente del sistema de clasificación o colocación | Clasificación de Library of Congress |
| Tipo de ítem Koha | |
| 994 ## - | |
| -- | C0 |
| -- | DRFGD |
| Estatus retirado | Estado de pérdida | Fuente del sistema de clasificación o colocación | Estado de daño | No para préstamo | Colección | Biblioteca de origen | Biblioteca actual | Ubicación en estantería | Fecha de adquisición | Serial enumeration / chronology | Signatura topográfica completa | Código de barras | Visto por última vez | Copia número | Tipo de ítem Koha |
|---|---|---|---|---|---|---|---|---|---|---|---|---|---|---|---|
| Clasificación de Library of Congress | Recursos Regionales | Biblioteca Juan Bosch | Biblioteca Juan Bosch | Recursos Regionales (2do. Piso) | 10/04/2023 | 1 | 110 DT 25 P946d 1962 | 00000046250 | 23/10/2018 | 1 |
